| 000 | 00599nai a2200181Ia 4500 | ||
|---|---|---|---|
| 003 | IN-BaIIA | ||
| 008 | 211028c9999 xx s 000 0 eng d | ||
| 022 | _a0363-907X (Print) | ||
| 022 | _a1099-114X (Online) | ||
| 040 | _cIIA Library | ||
| 245 | 0 |
_aInternational Journal Of Energy Research _h[eJournal] |
|
| 260 |
_aNew Jersey _bJohn Wiley & Sons |
||
| 310 | _a15/year | ||
| 362 | _a20(1); 1996 - Present | ||
| 521 | _bSubscribed through National Knowledge Resource Consortium (NKRC) | ||
| 856 |
_uhttps://onlinelibrary.wiley.com/journal/1099114x _yClick Here to Access eJournal |
||
| 942 | _cEJ | ||
| 999 |
_c34832 _d34832 |
||